000 00610nam a2200181 a 4500
001 000039287
005 20201002031559.0
008 130621s2013 dr ac r 000 0 spa d
020 _a9789945408751
040 _aDO-SdBNP
_bspa
_cBNPHU
082 _axxxx
_bxxxx
100 1 _aPimentel Muñoz, José
_965481
245 1 0 _aRafael Pichardo :
_bCardiólogo, investigador y maestro /
_cJosé Pimentel Muñoz.
260 _aSanto Domingo :
_bArgos,
_c2013.
300 _a200 p. :
_bil., retrs. ;
_c23 cm.
500 _aIncluye datos biográficos del autor en la solapa de la cubierta
590 _aInventariado, 2018/BT
999 _c38777
_d38777